ბათუმის შოთა რუსთაველის სახელმწიფო უნივერსიტეტის ბიბლიოთეკა

ნარკვევები ქართველ ებრაელთა ლიტერატურულ-პუბლიცისტური მოღვაწეობის ისტორიიდან (ბიბ.ჩანაწერი № 43228)

000 -LEADER
fixed length control field 01335nam a2200253Ia 4500
001 - CONTROL NUMBER
control field 9955
003 - CONTROL NUMBER IDENTIFIER
control field GE_BSU
008 - FIXED-LENGTH DATA ELEMENTS--GENERAL INFORMATION
fixed length control field 181216s||||||||xx |||||||||||||| ||und||
020 ## - INTERNATIONAL STANDARD BOOK NUMBER
International Standard Book Number 9992879815
040 ## - CATALOGING SOURCE
Transcribing agency GE_BSU
080 ## - UNIVERSAL DECIMAL CLASSIFICATION NUMBER
Universal Decimal Classification number 821.411.16.09+821.353.091+94(=411.16)(479.22)
100 ## - MAIN ENTRY--PERSONAL NAME
Personal name ნიკოლეიშვილი,ავთანდილ
245 ## - TITLE STATEMENT
Title ნარკვევები ქართველ ებრაელთა ლიტერატურულ-პუბლიცისტური მოღვაწეობის ისტორიიდან
245 ## - TITLE STATEMENT
Remainder of title 1 ტ.ქართული ლიტერატურის ისტორია და კრიტიკა
245 ## - TITLE STATEMENT
Statement of responsibility, etc. რედ:გურამ ბათიაშვილი;დანიელ ხახანიშვილი
260 ## - PUBLICATION, DISTRIBUTION, ETC.
Place of publication, distribution, etc. ქუთაისი
260 ## - PUBLICATION, DISTRIBUTION, ETC.
Name of publisher, distributor, etc. ქსუ
260 ## - PUBLICATION, DISTRIBUTION, ETC.
Date of publication, distribution, etc. 2003.
300 ## - PHYSICAL DESCRIPTION
Extent 236გვ;20სმ.
653 ## - INDEX TERM--UNCONTROLLED
Uncontrolled term ნარკვევები ქართველ ებრაელთა ლიტერატურულ-პუბლიცისტური მოღვაწეობის ისტორიიდან
653 ## - INDEX TERM--UNCONTROLLED
Uncontrolled term ქართული ლიტერატურის ისტორია და კრიტიკა
942 ## - ADDED ENTRY ELEMENTS (KOHA)
Koha item type წიგნი
ეგზემპლარები
Withdrawn status Lost status Damaged status Not for loan Date acquired Barcode Date last seen Price effective from Koha item type
        2018-12-17 33264 2018-12-17 2018-12-17 წიგნი